Gyakorlati félév során megszerzett tapasztalataim, feladataim keresztül bemutatva

Bibliográfiai részletek
Szerző: Nagy Renáta
További közreműködők: Surányi Dr. András
Dokumentumtípus: Záródolgozat
Kulcsszavak:újságírói feladatok
cikkírás felépítése
színház
Online Access:http://dolgozattar.uni-bge.hu/5206

MARC

LEADER 00000nta a2200000 i 4500
001 dolg5206
005 20160429082618.0
008 160429suuuu hu o 000 hun d
040 |a BGE Dolgozattár Repozitórium  |b hun 
041 |a hu 
100 1 |a Nagy Renáta 
245 1 0 |a Gyakorlati félév során megszerzett tapasztalataim, feladataim keresztül bemutatva  |c Nagy Renáta  |h [elektronikus dokumentum] 
516 |a Final_paper 
695 |a újságírói feladatok 
695 |a cikkírás felépítése 
695 |a színház 
700 1 |a Surányi Dr. András  |e ths 
856 4 0 |u http://dolgozattar.uni-bge.hu/5206/1/Nagy%20Renata%20Z%C3%A1r%C3%B3dolgozat%20%20CUOGUZ.pdf  |z Dokumentum-elérés